000 00240nam a2200097Ia 4500
008 120527s9999 xx 000 0 und d
100 _aIntl. Conference of Building
245 _aUniform building code
260 _bSouth Workman
942 _cBK
999 _c25615
_d25615